000 00413nam a22001577a 4500
003 OSt
005 20241028123718.0
008 241028b |||||||| |||| 00| 0 eng d
020 _a9789355739223
040 _c
082 _210
_a530
_bSER
245 _aPhysics for scienctist and engineering with modern physics
_cSerway,Raymond A
250 _a10
260 _bCengage
_c2019
942 _2ddc
_cBK
_e10
_k530
_mSER
_n0
999 _c36098
_d36098